Kraje produkujące Jabłka - Statystyki

Ogólne statystyki
  • Ten quiz został rozwiązany 412 razy
  • Średni wynik to 7 z 10
Statystyki odpowiedzi
Tony Odpowiedź % Poprawnych
2 441 393 Polska
100%
41 390 000 Chiny
94%
5 173 670 Stany Zjednoczone
91%
1 639 421 Rosja
90%
1 710 755 Francja
79%
2 265 000 Indie
72%
1 921 272 Włochy
70%
3 032 164 Turcja
53%
2 096 749 Iran
31%
1 766 210 Chile
24%
Nie znaleziono quizów pasujących do podanych kryteriów
Rozkład punktacji
Procent ludzi z każdym wynikiem
Percentyl według liczby udzielonych odpowiedzi
Twoja historia wyników
Nie rozwiązałeś tego quizu